000 00353nam a2200133Ia 4500
008 100328s9999 xx 000 0 und d
082 _b33453
100 _aबोरकर कमलाकर
245 _aकाळसर्प
260 _bत्रिदल
630 _aकाळसर्प
730 _aकाळसर्प
942 _cBOOK
999 _c523907
_d523904